000 02155cam a2200385 i 4500
001 a47077130
003 SIRSI
005 20251024134335.0
008 240429t20242023enk 000 0aeng d
020 _a9781804992227
_qpaperback
035 _a(OCoLC)1432136390
040 _aSINLB
_beng
_erda
_cSINLB
_dOCLCO
_dUKYRK
_dYDX
_dUtOrBLW
041 _aEnglish
043 _aa-ja---
049 _aUPMM
050 4 _aDS891.5.B76
_bA3 2024
100 _aBroad, Chris
_c(YouTuber),
_eauthor.
_0http://id.loc.gov/authorities/names/no2023074063
_4http://id.loc.gov/vocabulary/relators/aut
245 1 0 _aAbroad in Japan
_b: ten years in the land of the rising sun
_c/ Chris Broad.
246 3 _a10 years in the land of the rising sun
250 _aPenguin paperback edition.
264 1 _aLondon :
_bPenguin Books,
_c2024.
264 4 _c©2023
300 _axii, 303 pages ;
_c20 cm
500 _a"First published in Great Britain in 2023 in Bantam."--Title page verso.
520 _a"When Englishman Chris Broad landed in a rural village in northern Japan he wondered if he'd made a huge mistake. With no knowledge of the language and zero teaching experience, was he was about to be the most quickly fired English teacher in Japan's history? Abroad in Japan charts a decade of living in a foreign land and the chaos and culture clash that comes with it. Packed with hilarious and fascinating stories, this book seeks out to unravel one the world's most complex cultures."--Back cover.
600 0 _aBroad, Chris
_c(YouTuber)
_xHomes and haunts
_zJapan.
650 0 _aTravelers
_vBiography.
_0http://id.loc.gov/authorities/subjects/sh2010117014
650 0 _aEtiquette
_zJapan.
_0http://id.loc.gov/authorities/subjects/sh2008119917
650 0 _aHistory
_91632
651 0 _aJapan
_xDescription and travel
_0http://id.loc.gov/authorities/subjects/sh85069398
_922298
651 0 _aJapan
_xSocial life and customs.
_0http://id.loc.gov/authorities/subjects/sh85069579
655 0 _aAutobiographies (literary genre)
_2aat
_0(CStmoGRI)aatgf300080104
_925781
655 0 _aTravel writing
_0http://id.loc.gov/authorities/genreForms/gf2014026200
_925782
942 _2lcc
999 _c4873
_d4873